banner koha

Doença respiratória bovina; novas descobertas terapêuticas (Registro n. 70299)

MARC details
000 -LÍDER
campo de controle de tamanho fixo 00981nam a22003377a 4500
001 - NÚMERO DE CONTROLE
campo de controle BR0701188
003 - IDENTIFICADOR DO NÚMERO DE CONTROLE
campo de controle BR-BrBNA
005 - DATA E HORÁRIO DA ÚLTIMA TRANSAÇÃO
campo de controle 20230928102338.0
007 - CAMPO FIXO DE DESCRIÇÃO FÍSICA--INFORMAÇÃO GERAL
campo de controle de tamanho fixo ta
008 - CAMPO DE DADOS FIXOS--INFORMAÇÃO GERAL
campo de controle de tamanho fixo 230509b bl.||||| |||| 00| 0 por d
040 ## - FONTE DA CATALOGAÇÃO
Instituição da catalogação original BR-BrBNA
Idioma da catalogação por
Instituição que transcreveu o registro Biblioteca Nacional de Agricultura
041 ## - CÓDIGO DE IDIOMA
Código do idioma do texto/trilha sonora ou título diferente (Por)
072 ## - CÓDIGO DE CATEGORIA DE ASSUNTO
Código de Categoria de Assunto L73; L70
Código do objeto 5212
-- 4110
090 ## - NÚMERO DE CHAMADA LOCAL
-- 5212 BR0701188
100 1# - ENTRADA PRINCIPAL--NOME PESSOAL
Nome pessoal Haas, V. de
100 1# - ENTRADA PRINCIPAL--NOME PESSOAL
Nome pessoal Lekeux, P.
100 1# - ENTRADA PRINCIPAL--NOME PESSOAL
Nome pessoal Lockwood, P.W.
100 1# - ENTRADA PRINCIPAL--NOME PESSOAL
Nome pessoal Martel, J.L.
100 1# - ENTRADA PRINCIPAL--NOME PESSOAL
Nome pessoal Sams, R.A.
100 1# - ENTRADA PRINCIPAL--NOME PESSOAL
Nome pessoal Varma, K.J.
245 1# - TÍTULO
Título Doença respiratória bovina; novas descobertas terapêuticas
Restante do título Resumo do programa apresentado no 18. Congresso Mundial de Buiatria
260 3# - PUBLICAÇÃO, DISTRIBUIÇÃO, ETC.
Local de publicação, distribuição, etc. Rio de Janeiro, RJ (Brasil):
Data da publicação, distribuição, etc. [nd].
300 ## - DESCRIÇÃO FÍSICA
Extensão 48 p.
500 ## - NOTA GERAL
Nota geral Several bibliography; 5 illus.; 12 tables
650 ## - ASSUNTO--TERMO TÓPICO
Cabeçalho tópico ou nome geográfico BOVINO
650 ## - ASSUNTO--TERMO TÓPICO
Cabeçalho tópico ou nome geográfico DOENÇA RESPIRATÓRIA
650 ## - ASSUNTO--TERMO TÓPICO
Cabeçalho tópico ou nome geográfico ANTIBIÓTICO
650 ## - ASSUNTO--TERMO TÓPICO
Cabeçalho tópico ou nome geográfico VETERINÁRIA
909 ## -
-- 202309
-- Lucia
-- 55
-- Lucia Elande
942 ## - ELEMENTOS DE ENTRADA ADICIONADOS (KOHA)
Tipo de material Koha Livros
Exemplares
Situação do descarte Fonte da classificação ou esquema de arquivamento na estante Situação física Não pode ser emprestado Coleção Biblioteca de origem Biblioteca atual Total de empréstimos Número de telefone completo Código de barras Data de último acesso Número do exemplar Tipo de material Koha Situação das perdas Data de aquisição Fonte de aquisição
  Classificação AGRIS       Biblioteca Nacional de Agricultura - Binagri Biblioteca Nacional de Agricultura - Binagri   5212 BR0701188 5212 BR0701188 25/09/2023 01 Livros   2023-09-25 Portaria Interministerial nº 164/94

BINAGRI

Telefone: (61)3218-2567/2388/3357/2097 - binagri@agro.gov.br

Ministério da Agricultura e Pecuária , Esplanada dos Ministérios, Bloco D, Anexo B, Brasília/DF, CEP: 70.043-900